Arte e historia del Perú antiguo (Registro nro. 276)

Detalles MARC
000 -Cabecera
Campo de control interno 00611nam a2200217Ia 4500
005 - Fecha y hora del registro
control field 20251205091343.0
008 - Elementos de Longitud Fija
fixed length control field 251203t1994||||xx |||||||||||||| ||spa||
041 ## - Idioma
Codigo Idioma ESP
082 ## - DEWEY y NOTACIÓN INTERNA
Dewey 709.8501
Notación Interna B73
100 ## - AUTOR
Autor denominación Bonavia, Duccio
Títulos y otras palabras asociadas con el nombre AUT
245 #0 - TÍTULO DE MATERIAL BIBLIOGRÁFICO
Título Arte e historia del Perú antiguo
260 ## - CIUDAD, EDITORIAL, AÑO
Ciudad Arequipa :
Nombre de la Editorial Banco del Sur del Perú
Año 1994
300 ## - DESCRIPCIÓN
N° Páginas 336 páginas :
Otros detalles ilustraciones ;
Dimensiones 32 cm.
440 ## - MENCIÓN DE SERIE
Título de la Serie Colección Enrico Poli Bianchi
650 ## - TEMAS
Temas Las Artes
653 ## - DESCRIPTORES
Lenguajes no controlado Artes; Perú antiguo, historia
654 ## - PROGRAMAS
Programa Todos los programas
700 ## - OTROS AUTORES
Otros autores Tord, Luis Enrique
Títulos y otras palabras asociadas con el nombre director
942 ## - ELEMENTOS DE KOHA
Tipo de documento Libro
Nombre del creador Justo Noguera
Código de catalogador Mirtha Ponce
Esquema de clasificación Dewey Decimal Classification
Existencias
Codigo completo Registro Colección Copia número Disponibilidad Tipo de préstamo Biblioteca Actual Procedencia (Biblioteca) Ubicacón Fecha Ingreso Tipo de Adquisición Date last seen Total checkouts Price effective from Tipo de Item Estado del Material Fuente de Clasificación Damaged status Withdrawn status
709.8501 B73 1085155 Colección Vera Bejar 1   Restringido Víctor Andrés Belaunde Víctor Andrés Belaunde Planta baja cerrada 03/12/2025 Donación 03/12/2025   03/12/2025 Libro Bueno Dewey Decimal Classification   Withdrawn